Information and investment : a study in the working of the competitive economy (Record no. 214853)

MARC details
000 -LEADER
fixed length control field 00911nam a2200277Ia 4500
008 - FIXED-LENGTH DATA ELEMENTS--GENERAL INFORMATION
fixed length control field 191130s1990##################000#0#eng##
020 ## - INTERNATIONAL STANDARD BOOK NUMBER
ISBN 9780198292432
082 ## - DEWEY DECIMAL CLASSIFICATION NUMBER
Classification number 332.601
100 ## - MAIN ENTRY--AUTHOR NAME
Personal name Richardson, G. B
245 ## - TITLE STATEMENT
Title Information and investment : a study in the working of the competitive economy
Statement of responsibility, etc G.B. Richardson ; with a new foreword by David J. Teece, a new introduction, and two new chapters
250 ## - EDITION STATEMENT
Edition statement 2nd ed
260 ## - PUBLICATION, DISTRIBUTION, ETC. (IMPRINT)
Place of publication Oxford
Name of publisher Clarendon Press ; Oxford University Press
Year of publication 1990
300 ## - PHYSICAL DESCRIPTION
Number of Pages xxvi, 264 p. : ill. ; 23 cm
500 ## - GENERAL NOTE
General note Includes bibliographical references and index
650 ## - SUBJECT ADDED ENTRY--TOPICAL TERM
Topical Term Capitalism
Topical Term Competition
Topical Term Equilibrium (Economics)
Topical Term Investments
Topical Term Prices
Topical Term Uncertainty
991 ## -
-- 146379
Holdings
Withdrawn status Lost status Damaged status Not for loan Home library Current library Shelving location Date acquired Full call number Accession Number Price effective from Koha item type
        Anna Centenary Library Anna Centenary Library 4TH FLOOR, A WING 13.10.2020 332.601 107733 13.10.2020 English Books

Find us on the map